|
|
|
|
| LEADER |
01399nam a2200313 u 4500 |
| 001 |
10024110 |
| 003 |
upatras |
| 005 |
20210117205836.0 |
| 008 |
950515s1987 us eng |
| 020 |
|
|
|a 0387965130
|q (Χαρτόδετο)
|
| 040 |
|
|
|a GR-PaULI
|c GR-PaULI
|
| 041 |
0 |
|
|a eng
|
| 050 |
|
4 |
|a 87-4556
|
| 100 |
1 |
|
|a Grasman, Johan
|9 150389
|
| 245 |
1 |
0 |
|a Asymptotic methods for relaxation oscillations and applications
|c Johan Grasman
|
| 260 |
|
|
|a New York
|b Springer Verlag
|c 1987
|
| 300 |
|
|
|a xiii, 221 p.
|b fig.
|
| 490 |
0 |
|
|a Applied mathematical sciences
|v 63
|
| 500 |
|
|
|a With 85 Illustrations
|
| 505 |
1 |
|
|a includes appendix . - literature . - index
|
| 650 |
|
4 |
|a Δυναμικά συστήματα
|9 394
|
| 650 |
|
4 |
|9 2083
|a Χαοτική συμπεριφορά συστημάτων
|
| 760 |
1 |
|
|a Applied mathematical sciences
|g 63
|
| 852 |
|
|
|a GR-PaULI
|b ΠΑΤΡΑ
|b ΦΥΣΙΚΟ
|k ΑΕΧ-1
|h 531.3 GRA
|m 03469
|p 025000018544
|t 1
|
| 852 |
|
|
|a GR-PaULI
|b ΠΑΤΡΑ
|b ΦΥΣΙΚΟ
|k ΑΕΧ-1
|h 531.3 GRA
|m 03903
|p 025000018477
|t 2
|
| 942 |
|
|
|2 ddc
|c BK15
|
| 952 |
|
|
|0 0
|1 0
|4 0
|6 531_300000000000000_GRA
|7 0
|9 193057
|a PHYS
|b PHYS
|d 2016-04-24
|i 03469
|l 0
|o 531.3 GRA
|p 025000018544
|r 2016-04-24 00:00:00
|t 1
|w 2016-04-24
|y BK15
|
| 952 |
|
|
|0 0
|1 0
|4 0
|6 531_300000000000000_GRA
|7 0
|9 193058
|a PHYS
|b PHYS
|d 2016-04-24
|i 03903
|l 0
|o 531.3 GRA
|p 025000018477
|r 2016-04-24 00:00:00
|t 2
|w 2016-04-24
|y BK15
|
| 999 |
|
|
|c 118386
|d 118386
|